000 00768nam a22002417a 4500
005 20170123162339.0
010 _a850270
020 _c15.00
035 _a850270
037 _bCen Lib/Ret
040 _aDPL
_bUR
082 _a841.08
_bس و د
100 _aعتیق احمد صدیق
_9126431
245 _aقَصَاںدِ سَودَا /
_cعتیق احمد صدیق
246 _aQasayida sauda /
_bby Ateeq Ahmad Sdiqi
260 _bاتر پردیش اردو اکادمی
_c1976
300 _a388p.
_c21cm(Hb)
650 _aادب -- اردو
_9126432
650 _aاردو سوانے عمری
_9126433
650 _aLiterature -- Urdu
_9126434
650 _aUrdu biography
_9511
942 _2ddc
_cUR
_h841.08
_mس و د
999 _c108408
_d108408